Plant breeding perspectives

שמור ב:
מידע ביבליוגרפי
מחבר ראשי: D J van der Have
פורמט: ספר
שפה:Undetermined
יצא לאור: Wageningen Centre for Agricultural Publishing and Documentation (Pudoc) 1979
נושאים:
תגים: הוספת תג
אין תגיות, היה/י הראשונ/ה לתייג את הרשומה!
Thư viện lưu trữ: Trung tâm Học liệu Trường Đại học Cần Thơ
LEADER 00525nam a2200181Ia 4500
001 CTU_38528
008 210402s9999 xx 000 0 und d
082 |a 631.53 
082 |b P713 
100 |a D J van der Have 
245 0 |a Plant breeding perspectives 
245 0 |c D J van der Have 
260 |a Wageningen 
260 |b Centre for Agricultural Publishing and Documentation (Pudoc) 
260 |c 1979 
650 |a plant breeding 
904 |i Liên, 990423 
980 |a Trung tâm Học liệu Trường Đại học Cần Thơ